| 000 | 00474nam a2200157Ia 4500 | ||
|---|---|---|---|
| 008 | 210210b1975 xxu||||| |||| 00| 0 eng d | ||
| 082 | _a822.912 TILE | ||
| 100 | _aTILAK (Raghukul). | ||
| 245 | _aT.S. Eliot: murder in the cathedral and the cocktail party. Ed 2. | ||
| 250 | _a | ||
| 260 |
_aNew Delhi. _bRama Brothers., _c1975 |
||
| 300 | _a194 | ||
| 650 | _aEliot T S, Murder In The cathedral, Cocktail Party, Criticism | ||
| 690 | _aEnglish Dram | ||
| 906 | _aSG0062 | ||
| 999 |
_c111885 _d111885 |
||